000 00810nam a2200229Ii 4500
003 JO-AjNU
008 230605s9999||||xx |||||||||||||| ||und||
017 _a1983/8/401
040 _aJO-AjNU
_bara
_erda
_cJO-AjNU
041 _aara
050 1 4 _aLB1025.2 1983
100 3 _aجرادات،عزت مؤلف/أبو غزالة،هيفاء م.مشارك/عبد اللطيف،خيري م.مشارك,
_eauthor
_910110
245 0 0 _aمدخل إلى التربية
250 _aط3
264 3 1 _aعمان:دار الفكر للنشر والتوزيع،1987
300 _a175ص
336 _atext
_btxt
_2rdacontent
337 _aunmediated
_bn
_2rdamedia
338 _avolume
_bnc
_2rdacarrier
490 0 _aالمكتبة التربوية المعاصرة 2
650 4 _aالتربية والتعليم.
_910111
999 _aA1641
_c5209
_d5209